000 00501nam a2200181Ia 4500
001 21125
005 20260306172856.0
008 260306t2009||||xx |||||||||||||| ||spa||
041 _aESP
082 _a344
_bS55T
100 _aSilva Sánchez, Jesús María,
_eAUT
245 0 _aTiempos de derecho penal :
_bescritos breves sobre teoría y práctica, vida social y economía
260 _c2009
300 _a189 páginas :
_c20 cm.
650 _aGEN
654 _aCDE
942 _cLIB
_dJUS
_fJUS
_2ddc
_n
999 _c21125
_d21125